| 000 | 03899njm a2200469Ia 4500 | ||
|---|---|---|---|
| 001 | B5648 | ||
| 003 | IT-RoPAU | ||
| 005 | 20220918181115.0 | ||
| 008 | 131025s9999 xx 000 0 und d | ||
| 040 | _aIT-RoPAU | ||
| 040 | _cIT-RoPAU | ||
| 999 |
_c99312 _d99312 |
||
| 999 | _bn.d. | ||
| 100 |
_aAA.VV. _9794 |
||
| 100 |
_eAutore musica _929126 |
||
| 100 |
_gCodice autore musica SPICS: 12000 _9796 |
||
| 245 | _aDizzy il magnifico | ||
| 250 | _a2a ed. | ||
| 260 | _aMILANO | ||
| 260 |
_bRUSCONI _c1993 [1a Ed.:0] |
||
| 300 | _aCOMPACT DISC | ||
| 300 | _c76 minuti (Testo: 0 pag.) | ||
| 500 | _aMusica jazz. Cd fuori commercio allegato al n. 3 della rivista "Musica jazz". | ||
| 505 | _aThe Squirrel (4:00) - Good Bait [(New York, giugno-luglio 1949) (4:00)] - Rhumbop Concerto: Relaxin' At Camarillo [(Los Angeles, 31 agosto 1949) (4:00)] - Rhumbop Concerto: Guarachi Guaro [(Los Angeles, 31 agosto 1949) (5:00)] - Groovin' High [(Stoccolma, primavera 1970) (11:00)] - Let Me Outta Here (13:00) - A Night In Tunisia [(Stoccolma, primavera 1970) (13:00)] - Kush [(Londra, 10 giugno 1989) (6:00)] - Tin Tin Deo [(Londra, 10 giugno 1989) (7:00)] | ||
| 511 | _aGillespie Dizzy: tr; Burns Dave: tr; Wright Elmon: tr; Cook Willie: tr; Sheperd Bill: trne; Brown John: alto; Henry Ernie: alto; Moody James: ten; Gayles Joe: ten; Payne Cecil: bar; Foreman James: p; Boyd Nelson: cb; Stewart Teddy: batt; Pozo Chano: perc; Dizzy Gillespie and His Orchestra | ||
| 511 | _aGillespie Dizzy: tr; Harris Benny: tr; Wright Elmon: tr; Cook Willie: tr; Greenlee Charles: trne; Hurt Sam: trne; Johnson J.J.: trne; Brown John: alto; Henry Ernie: alto; Lateef Yusef: ten; Gayles Joe: ten; Gibson Al: bar; Foreman James: p; McKibbon Al: cb; Stewart Teddy: batt; Guerra Vince: perc; Dizzy Gillespie and His Orchestra | ||
| 511 | _aGillespie Dizzy: tr; Harris Benny: tr; Wright Elmon: tr; Cook Willie: tr; Greenlee Charles: trne; Duryea A: trne; Johnson J.J.: trne; Brown John: alto; Henry Ernie: alto; Lateef Yusef: ten; Gayles Joe: ten; Gibson Al: bar; Foreman James: p; McKibbon Al: cb; Stewart Teddy: batt; Guerra Vince: perc; Dizzy Gillespie and His Orchestra | ||
| 511 | _aGillespie Dizzy: tr; Longo Mike: p; Davis George: chit; Mitchell Red: cb; Lee David: batt; Dizzy Gillespie Quintet | ||
| 511 | _aGillespie Dizzy: tr; Roditi Claudio: tr; Sandoval Arturo: tr, flic; Hampton Slide: trne; Turre Steve: trne, b; D'Rivera Paquito: alto, cl; Moody James: alto, ten, fl; Rivera Mario: ten, sop; Perez Danilo: p; Cherry Ed: chit; Lee John: cb; Berroa Ignacio: batt; Hidalgo Giovanni: conga, perc; Moreira Airto: perc; Dizzy Gillespie and The United Nation Orchestra | ||
| 650 |
_aJAZZ [COMPACT DISC] _eCodice MATERIA SPICS: 9949 _911822 |
||
| 700 |
_aGillespie Dizzy _gCodice interprete SPICS: 10777 _eInterprete _929127 |
||
| 700 |
_aDameron Tadd _gCodice autore musica SPICS: 10526 _eAutore musica _pThe Squirrel - Good Bait _929128 |
||
| 700 |
_aBasie Count _gCodice autore SPICS: 10545 _eAutore _pGood Bait _929129 |
||
| 700 |
_aParker Charlie (B.) _gCodice autore musica SPICS: 10799 _eAutore musica _pRhumbop Concerto: Relaxin' At Camarillo _929130 |
||
| 700 |
_aGillespie Dizzy _gCodice autore musica SPICS: 10777 _eAutore musica _pRhumbop Concerto: Guarachi Guaro - Groovin' High - A Night In Tunisia - Kush - Tin Tin Deo _929131 |
||
| 700 |
_aFuller Gil _gCodice autore SPICS: 13022 _eAutore _pRhumbop Concerto: Guarachi Guaro _929132 |
||
| 700 |
_aLongo Mike _gCodice autore musica SPICS: 38489 _eAutore musica _pLet Me Outta Here _929133 |
||
| 700 |
_aPaparelli Frank _gCodice autore SPICS: 18047 _eAutore _pA Night In Tunisia _929134 |
||
| 700 |
_aMusic Dizlo _gCodice autore SPICS: 38490 _eAutore _pKush _929135 |
||
| 700 |
_aPozo Chano _gCodice autore SPICS: 38491 _eAutore _pTin Tin Deo _929136 |
||
| 700 |
_aMusic Dizlo _gCodice autore testo/musica SPICS: 38490 _eAutore testo/musica _pTin Tin Deo _929137 |
||
| 942 |
_cCD _2ddc |
||